00510nam a22001577a 450000500170000000800410001702000150005804100130007308200160008610000280010224500880013025000190021826000560023730000330029365000260032620231128133046.0231128b |||||||| |||| 00| 0 eng d a0409037052 aEnglish  a340.1 KELL  aKellaway, EA lEnglish  aPrinciples of Legal Interpretation of Statutes, Contracts and Wills /cEA Kellaway  aFirst Edition  aDurban : bButterworth Publishers (Pty) Ltd, c1995 bxxi, 757 pages ; c25,5 cm.  aLegal practice bLaw